000
00207 a2200097 4500
001
57127
100
_a
245
_a
Terrorism Today
260
_a
New york
_b
Routledge
_c
2002
090
_c
35058
_d
35058
942
_a
NUST-CAE
_c
MONOGRAPH
_c
27845
999
_c
292200
_d
292200